LEADER 01076nam a2200289 i 4500 001 991003143749707536 005 20241206100832.0 008 010514s1975 it er 001 0 ita d 035 $ab11115166-39ule_inst 035 $aPARLA175847$9ExL 040 $aDip.to Filosofia$bita$dSocioculturale Scs 082 04$a335.4$223 082 04$a335.4092$223 100 1 $aOrmea, Ferdinando$0159353 245 10$aGramsci e il futuro dell'uomo /$cFerdinando Ormea 260 $aRoma :$bCoines,$c1975 300 $a361 p. ;$c21 cm 490 0 $aNuova biblioteca ;$v1 650 4$aGramsci, Antonio$xPolitica 830 0$aNuova biblioteca ;$v1 907 $a.b11115166$b23-02-17$c28-06-02 912 $a991003143749707536 945 $aLE005IF XXXII E 14$g1$iLE005IFA-10248$lle005$o-$pE0.00$q-$rl$s-$t0$u0$v0$w0$x0$y.i11251803$z28-06-02 945 $aLE022 MP 64 A 24$g1$i2022000029520$lle022$o-$pE0.00$q-$rl$s-$t0$u0$v0$w0$x0$y.i13115844$z24-02-04 996 $aGramsci e il futuro dell'uomo$9538597 997 $aUNISALENTO 998 $ale005$ale022$b01-01-01$cm$da$e-$fita$git$h0$i1